Ekoturizmus a regionálny rozvoj na Slovensku

Vývoj ekoturizmu. Definícia ekoturizmu. Pozitíva a negatíva ekoturizmu. Postavenie ekoturizmu v medzinárodných dokumentoch. Postavenie ekoturizmu v strategických dokumentoch SR. Perspektíva rozvoja ekoturizmu na Slovensku v strategických dokumentoch.

Guardado en:
Detalles Bibliográficos
Autor principal: Vráblová, Anna
Formato: Capítulo de libro
Lenguaje:eslovaco
Materias:
Etiquetas: Agregar Etiqueta
Sin Etiquetas, Sea el primero en etiquetar este registro!

MARC

LEADER 00000naa a2200000 4500
001 0146445
005 20220715083442.1
041 0 |a slo 
044 |a SK 
245 1 0 |a Ekoturizmus a regionálny rozvoj na Slovensku  |c Anna Vráblová 
520 |a Vývoj ekoturizmu. Definícia ekoturizmu. Pozitíva a negatíva ekoturizmu. Postavenie ekoturizmu v medzinárodných dokumentoch. Postavenie ekoturizmu v strategických dokumentoch SR. Perspektíva rozvoja ekoturizmu na Slovensku v strategických dokumentoch. 
610 2 0 |a Slovensko 
610 2 0 |a ruch cestovný 
610 2 0 |a ekoturizmus 
610 2 0 |a politika environmentálna 
610 2 0 |a legislatíva 
610 2 0 |a rozvoj regionálny 
610 2 0 |a ochrana prostredia životného 
610 2 0 |a politika ruchu cestovného 
100 1 |a Vráblová, Anna